| 000 | 00448nam a2200193Ia 4500 | ||
|---|---|---|---|
| 999 |
_c17115 _d17115 |
||
| 003 | 0100 | ||
| 005 | 20171201093309.0 | ||
| 008 | 130303s9999 xx 000 0 und d | ||
| 040 | _cARRUPELIB | ||
| 050 | _aBX4827.T53H59 2000 | ||
| 100 |
_aThomas, J. Heywood _937873 |
||
| 245 |
_aTillich _cJohn Heywood Thomas |
||
| 260 | _aNew York | ||
| 260 | _bContinuum | ||
| 260 | _c2000 | ||
| 300 | _a188 p. | ||
| 300 | _b 22 cm | ||
| 440 |
_aOutstanding christian thinkers _924155 |
||
| 600 |
_aTillich, Paul _937874 |
||
| 700 |
_aJ. Heywood Thomas _937875 |
||
| 942 |
_2lcc _cMONOGRAPH |
||